000 00563 a2200217 4500
003 43686
005 20251003213302.0
008 251003b |||||||| |||| 00| 0 eng d
022 _a23232323
040 _cNile University of Nigeria ,Abuja.
_erda
050 _aK 60 .I3
082 _aK 60 .I3
245 _aUNIVERSITY OF IBADAN LAW JOURNAL
250 _aVol.6,May,2016
260 _aIbadan
_bIU Press
_c2016
264 _aIbadan
_bIU Press
_c2016
300 _bvii, 252pg,. 30 cm
336 _2rdacontent
338 _2rdacarrier
942 _2lcc
_cSERIAL
999 _c43665
_d43665